Algorithms / (Record no. 18657)

MARC details
000 -LEADER
fixed length control field 01284cam a2200325 i 4500
001 - CONTROL NUMBER
control field 14436605
003 - CONTROL NUMBER IDENTIFIER
control field EG-ScBUE
005 - DATE AND TIME OF LATEST TRANSACTION
control field 20241027114000.0
008 - FIXED-LENGTH DATA ELEMENTS--GENERAL INFORMATION
fixed length control field 060703t2008 nyua f b 001 0 eng d
020 ## - INTERNATIONAL STANDARD BOOK NUMBER
International Standard Book Number 9780073523408 (acidfree paper)
020 ## - INTERNATIONAL STANDARD BOOK NUMBER
International Standard Book Number 0073523402 (acidfree paper)
040 ## - CATALOGING SOURCE
Original cataloging agency DLC
Language of cataloging eng
Description conventions rda
Transcribing agency DLC
Modifying agency DLC
-- EG-ScBUE
082 04 - DEWEY DECIMAL CLASSIFICATION NUMBER
Classification number 518.1
Edition number 22
Item number DAS
100 1# - MAIN ENTRY--PERSONAL NAME
Personal name Dasgupta, Sanjoy,
Relator term author.
9 (RLIN) 36630
245 10 - TITLE STATEMENT
Title Algorithms /
Statement of responsibility, etc Sanjoy Dasgupta, University of California, San Diego, Christos Papadimitriou, University of California at Berkeley, Umesh Vazirani, University of California at Berkeley.
264 #1 - PUBLICATION, DISTRIBUTION, ETC. (IMPRINT)
Place of publication, distribution, etc New York, United States :
Name of publisher, distributor, etc McGraw-Hill Higher Education,
Date of publication, distribution, etc [2008]
264 #4 - PUBLICATION, DISTRIBUTION, ETC. (IMPRINT)
Date of publication, distribution, etc c2008
300 ## - PHYSICAL DESCRIPTION
Extent x, 320 pages :
Other physical details illustrations ;
Dimensions 24 cm
336 ## - CONTENT TYPE
Source rdacontent
Content type term text
Content type code txt
337 ## - MEDIA TYPE
Media type term unmediated
Source rdamedia
Media type code n
338 ## - CARRIER TYPE
Carrier type term volume
Carrier type code nc
Source rdacarrier
504 ## - BIBLIOGRAPHY, ETC. NOTE
Bibliography, etc Includes bibliographical references and index.<br/>
650 #7 - SUBJECT ADDED ENTRY--TOPICAL TERM
Topical term or geographic name as entry element Algorithms
Form subdivision Textbooks.
Source of heading or term BUEsh
9 (RLIN) 36631
650 #7 - SUBJECT ADDED ENTRY--TOPICAL TERM
Topical term or geographic name as entry element Computer algorithms
Form subdivision Textbooks.
Source of heading or term BUEsh
9 (RLIN) 36632
653 ## - INDEX TERM--UNCONTROLLED
Resource For college Informatics and Computer Science
Arrived date list January2015
-- November2014
655 ## - INDEX TERM--GENRE/FORM
Form subdivision Reading book
9 (RLIN) 34232
700 1# - ADDED ENTRY--PERSONAL NAME
Personal name Papadimitriou, Christos H.,
Relator term author.
9 (RLIN) 36633
700 1# - ADDED ENTRY--PERSONAL NAME
Personal name Vazirani, Umesh Virkumar,
Relator term author.
9 (RLIN) 36634
942 ## - ADDED ENTRY ELEMENTS (KOHA)
Source of classification or shelving scheme Dewey Decimal Classification
Koha item type Book - Borrowing
Holdings
Withdrawn status Lost status Source of classification or shelving scheme Damaged status Not for loan Collection code Home library Current library Shelving location Date acquired Source of acquisition Cost, normal purchase price Serial Enumeration / chronology Total Checkouts Full call number Barcode Date last seen Cost, replacement price Price effective from Koha item type
    Dewey Decimal Classification     Baccah Central Library Central Library First floor 20/11/2014 Purchase 255.00 20677   518.1 DAS 000037039 15/07/2025 318.75 20/11/2014 Book - Borrowing
    Dewey Decimal Classification     Baccah Central Library Central Library First floor 26/01/2015 Purchase 255.00 21291   518.1 DAS 000037371 15/07/2025 319.00 26/01/2015 Book - Borrowing
    Dewey Decimal Classification     Baccah Central Library Central Library First floor 26/01/2015 Purchase 255.00 21291   518.1 DAS 000037372 15/07/2025 319.00   Book - Borrowing